Wings in the void : (Record no. 55463)

MARC details
000 -LEADER
fixed length control field 00829nam a22002417a 4500
005 - DATE AND TIME OF LATEST TRANSACTION
control field 20110810113757.0
008 - FIXED-LENGTH DATA ELEMENTS--GENERAL INFORMATION
fixed length control field 110810t xxu||||| |||| 00| 0 eng d
010 ## - LCCN (DPL NO)
LC control number ENG-103457
020 ## - INTERNATIONAL STANDARD BOOK NUMBER
International Standard Book Number 9788183683531
Terms of availability 200.00
035 ## - SYSTEM CONTROL NUMBER
System control number EN-86990
037 ## - SOURCE OF ACQUISITION
Source of stock number/acquisition DBAD/PUB
040 ## - CATALOGING SOURCE
Original cataloging agency DPL
Language of cataloging Eng
082 ## - DEWEY DECIMAL CLASSIFICATION NUMBER
Classification number N
100 ## - MAIN ENTRY--PERSONAL NAME
9 (RLIN) 31629
Personal name Parthasarathy, Indira
245 ## - TITLE STATEMENT
Title Wings in the void :
Statement of responsibility, etc by Indira Parthasarathy; translated from Tamil by Janaki Venkataraman
Remainder of title tantra bhoomi /
260 ## - PUBLICATION, DISTRIBUTION, ETC. (IMPRINT)
Place of publication, distribution, etc Chennai
Name of publisher, distributor, etc New Horizon Media
Date of publication, distribution, etc 2007
270 ## - ADDRESS
Address 33/15, Eldams Road
City Chennai
Telephone number 600018
300 ## - PHYSICAL DESCRIPTION
Extent 224p.
Dimensions 22cm (pbk)
650 ## - SUBJECT ADDED ENTRY--TOPICAL TERM
9 (RLIN) 31639
700 ## - ADDED ENTRY--PERSONAL NAME
9 (RLIN) 31640
Personal name Venkataraman, Janaki
942 ## - ADDED ENTRY ELEMENTS (KOHA)
Source of classification or shelving scheme Dewey Decimal Classification
Item type English Books
Call number suffix PAR
Classification part N
Holdings
Withdrawn status Lost status Source of classification or shelving scheme Damaged status Not for loan Collection code Home library Current library Date acquired Source of acquisition Cost, normal purchase price Total Checkouts Full call number Barcode Date last seen Copy number Cost, replacement price Koha item type
    Dewey Decimal Classification   Not For Loan Fiction D.B.Act.Division D.B.Act.Division 16/08/2011 DBAD / PUB 200.00   N PAR EN-86990 16/08/2011 1 200.00 English Books

© Delhi Public Library
Hit Counter
free hit counter